52 ways to create an AIDS-free world / (Record no. 33012)

MARC details
000 -LEADER
fixed length control field 00915cam a2200253 a 4500
001 - CONTROL NUMBER
control field 15588977
003 - CONTROL NUMBER IDENTIFIER
control field OSt
005 - DATE AND TIME OF LATEST TRANSACTION
control field 20220217112614.0
008 - FIXED-LENGTH DATA ELEMENTS--GENERAL INFORMATION
fixed length control field 090115s2009 tnua 000 0 eng
010 ## - LIBRARY OF CONGRESS CONTROL NUMBER
LC control number 2009001244
020 ## - INTERNATIONAL STANDARD BOOK NUMBER
International Standard Book Number 9781935205043
040 ## - CATALOGING SOURCE
Original cataloging agency PUL
Transcribing agency PUL
Modifying agency PUL
050 00 - LIBRARY OF CONGRESS CALL NUMBER
Classification number RA 643
Item number .8.M47 2009
082 00 - DEWEY DECIMAL CLASSIFICATION NUMBER
Classification number 614.5/99392
Edition number 22
100 1# - MAIN ENTRY--PERSONAL NAME
Personal name Messer, Donald E.,
Dates associated with a name 1941-
245 10 - TITLE STATEMENT
Title 52 ways to create an AIDS-free world /
Statement of responsibility, etc Donald E. Messer.
246 3# - VARYING FORM OF TITLE
Title proper/short title Fifty-two ways to create an AIDS-free world
260 ## - PUBLICATION, DISTRIBUTION, ETC. (IMPRINT)
Place of publication, distribution, etc Nashville, Tenn. :
Name of publisher, distributor, etc Fresh Air Books,
Date of publication, distribution, etc 2009.
300 ## - PHYSICAL DESCRIPTION
Extent 136 p. :
Other physical details ill. ;
Dimensions 19 cm.
650 #0 - SUBJECT ADDED ENTRY--TOPICAL TERM
Topical term or geographic name as entry element AIDS (Disease)
General subdivision Prevention.
906 ## - LOCAL DATA ELEMENT F, LDF (RLIN)
a 7
b cbc
c orignew
d 1
e ecip
f 20
g y-gencatlg
942 ## - ADDED ENTRY ELEMENTS (KOHA)
Source of classification or shelving scheme Library of Congress Classification
Koha item type General circulation books
Classification part RA 643
Item part .8.M47 2009
Holdings
Withdrawn status Lost status Source of classification or shelving scheme Damaged status Not for loan Collection code Home library Current library Shelving location Date acquired Source of acquisition Cost, normal purchase price Inventory number Total Checkouts Full call number Barcode Date last seen Copy number Price effective from Koha item type
    Library of Congress Classification     Non-fiction Presbyterian University of East Africa - Main Library Presbyterian University of East Africa - Main Library General Stacks 17/02/2022 DON 2000.00 2022-14848   RA 643 .8.M47 2009 2022-0119 21/02/2022 C1 17/02/2022 General circulation books
© Customized & Maintained by Eunice Ngesa